[Event "VII Weekend B"]
[Site "Porto Sant'Elpidio ITA"]
[Date "2004.11.21"]
[Round "6"]
[White "Ragnini, Damiano"]
[Black "Morelli, Basilio"]
[Result "1-0"]
[WhiteElo "1571"]
[BlackElo "1419"]
[PlyCount "75"]
[EventDate "2004.11.13"]

1. e4 c5 2. Nf3 Nc6 3. d4 cxd4 4. Nxd4 e5 5. Nxc6 bxc6 6. Bd3 Nf6 7. Bg5 Be7 8.
Nc3 O-O 9. O-O Bb7 10. Qe2 d5 11. Bxf6 Bxf6 12. Rad1 d4 13. Ba6 Qc7 14. Bxb7
Qxb7 15. Na4 Be7 16. Rd3 Qa6 17. b3 c5 18. Rd2 Qg6 19. Nb2 f5 20. Nc4 Bf6 21.
Rd3 Rad8 22. Rg3 Qe8 23. exf5 h6 24. Rg6 Rf7 25. Re1 Re7 26. Qg4 d3 27. cxd3
Rxd3 28. Rxf6 Rd4 29. Qg6 Qxg6 30. Rxg6 Kh7 31. h3 e4 32. Re6 Rxe6 33. fxe6 Kg8
34. Ne5 Kf8 35. e7+ Ke8 36. Nc6 Rd6 37. Nxa7 Kxe7 38. Nc8+ 1-0

[Event "VII Weekend B"]
[Site "Porto Sant'Elpidio ITA"]
[Date "2004.11.21"]
[Round "6"]
[White "Rinaldi, Raffaele"]
[Black "Di Blasio, Walter"]
[Result "1/2-1/2"]
[WhiteElo "1556"]
[BlackElo "1643"]
[PlyCount "45"]
[EventDate "2004.11.13"]

1. e4 e5 2. Nf3 Nf6 3. Nc3 Nc6 4. Bb5 Nd4 5. Bc4 Nxf3+ 6. Qxf3 Be7 7. d3 d6 8.
h3 c6 9. Bd2 b5 10. Bb3 O-O 11. g4 Be6 12. Bxe6 fxe6 13. Qg3 a5 14. g5 Nh5 15.
Qg4 Nf4 16. Bxf4 Rxf4 17. Qxe6+ Kh8 18. Ne2 Rf3 19. Ng3 Bxg5 20. Nf5 Bh4 21.
O-O-O Qf6 22. Qxd6 Qxd6 23. Nxd6 1/2-1/2

[Event "VII Weekend B"]
[Site "Porto Sant'Elpidio ITA"]
[Date "2004.11.21"]
[Round "6"]
[White "Ripa', Daniele"]
[Black "Fratini, Mauro"]
[Result "0-1"]
[WhiteElo "1461"]
[BlackElo "1778"]
[PlyCount "120"]
[EventDate "2004.11.13"]

1. e4 d6 2. d4 Nf6 3. Nc3 g6 4. Nf3 Bg7 5. Be2 O-O 6. Be3 Nbd7 7. Qd2 Ng4 8.
Bg5 c5 9. h3 Ngf6 10. Bh6 cxd4 11. Nxd4 Nc5 12. Bxg7 Kxg7 13. Bf3 Qb6 14. O-O
Bd7 15. Rfe1 e5 16. Nf5+ Bxf5 17. exf5 Rad8 18. Rab1 Rfe8 19. b4 Ncd7 20. fxg6
hxg6 21. a3 Rc8 22. Ne4 Nxe4 23. Rxe4 Nf6 24. Rh4 Rh8 25. Rxh8 Rxh8 26. c4 Rc8
27. c5 dxc5 28. Qc2 c4 29. Qe2 Qc7 30. Rc1 b5 31. Qa2 Rd8 32. a4 a6 33. axb5
axb5 34. Qa6 Rb8 35. g4 Qb6 36. Qxb6 Rxb6 37. Kf1 Rd6 38. Rc3 e4 39. Be2 Nd5
40. Rc2 Rf6 41. Kg2 Nxb4 42. Bxc4 Nxc2 43. Bxb5 Ne1+ 44. Kf1 Nd3 45. Ke2 Nxf2
46. g5 Rb6 47. h4 Ng4 48. Bd7 Ne5 49. Ba4 Rb4 50. Bd1 e3 51. h5 gxh5 52. Kxe3
h4 53. Kf2 Kg6 54. Kg2 Kxg5 55. Kh3 f5 56. Be2 Rb3+ 57. Kg2 f4 58. Kh1 f3 59.
Bd1 Rb1 60. Kh2 Rxd1 0-1

[Event "VII Weekend B"]
[Site "Porto Sant'Elpidio ITA"]
[Date "2004.11.21"]
[Round "6"]
[White "Serafini, Gino"]
[Black "Guerra, Renzo"]
[Result "1-0"]
[WhiteElo "1506"]
[BlackElo "1518"]
[PlyCount "51"]
[EventDate "2004.11.13"]

1. d4 d6 2. Nf3 Nf6 3. Bf4 g6 4. h3 Bg7 5. Nbd2 O-O 6. c3 a6 7. e4 Nbd7 8. Bh2
c5 9. d5 b5 10. Bd3 c4 11. Bc2 Nc5 12. O-O Re8 13. Nd4 Bb7 14. f3 Nfd7 15. Ne2
Ne5 16. Rb1 a5 17. a4 Qb6 18. Kh1 b4 19. Bxe5 Bxe5 20. Nxc4 Qc7 21. Nxe5 dxe5
22. c4 Rac8 23. Nc1 Ba6 24. b3 Nxa4 25. bxa4 Qxc4 26. Bd3 1-0

[Event "C.to Provinciale BG"]
[Site "Bergamo ITA"]
[Date "2004.10.08"]
[Round "1"]
[White "Cattaneo, Dario"]
[Black "Villa, Claudio"]
[Result "1/2-1/2"]
[WhiteElo "1556"]
[BlackElo "1819"]
[PlyCount "106"]
[EventDate "2004.10.08"]

1. d4 d5 2. Nf3 Nf6 3. Bf4 e6 4. e3 c5 5. c4 Nc6 6. Nc3 Qa5 7. Qd2 cxd4 8. Nxd4
Nxd4 9. exd4 Bb4 10. f3 Bd7 11. a3 dxc4 12. Be5 Nd5 13. Rc1 Bxc3 14. bxc3 f6
15. Bd6 Rc8 16. Be2 Ba4 17. O-O Rc6 18. Bc5 Qc7 19. Bxc4 Qf4 20. Qxf4 Nxf4 21.
g3 Nh3+ 22. Kg2 Ng5 23. h4 Nf7 24. Ba2 b6 25. Bb4 a5 26. d5 exd5 27. Rfe1+ Ne5
28. f4 axb4 29. fxe5 b3 30. exf6+ Kf7 31. fxg7 Rd8 32. Bb1 Rd7 33. Bxh7 Kxg7
34. Bf5 Rdc7 35. Red1 Rxc3 36. Rxc3 Rxc3 37. Rd4 Bc6 38. Kf2 b5 39. Rb4 Kf6 40.
g4 Ke5 41. Ke2 d4 42. Bd3 Bf3+ 43. Kd2 Bxg4 44. Rxb5+ Kf4 45. a4 Bd7 46. Rd5
Rxd3+ 47. Kxd3 Bf5+ 48. Kd2 b2 49. Rxd4+ Ke5 50. Rb4 b1=Q 51. Rxb1 Bxb1 52. Kc3
Kd6 53. Kb4 Kc7 1/2-1/2

[Event "C.to Provinciale BG"]
[Site "Bergamo ITA"]
[Date "2004.10.08"]
[Round "1"]
[White "Citerio, Fabio"]
[Black "Testa, Luigi"]
[Result "1-0"]
[WhiteElo "1783"]
[BlackElo "1548"]
[PlyCount "99"]
[EventDate "2004.10.08"]

1. d4 d5 2. c4 c6 3. Nc3 Nf6 4. cxd5 cxd5 5. Nf3 e6 6. g3 Nc6 7. Bg2 Bb4 8. O-O
O-O 9. Qd3 a6 10. Bg5 Be7 11. a3 h6 12. Bd2 b6 13. b4 b5 14. Rac1 Bb7 15. Bf4
Bd6 16. Ne5 Nh5 17. Nxc6 Nxf4 18. Nxd8 Nxd3 19. Nxb7 Nxc1 20. Nxd6 Nb3 21. Rd1
Rfd8 22. Nb7 Rd7 23. Nc5 Nxc5 24. dxc5 Rad8 25. f4 Kf8 26. Rd4 f5 27. e3 Ke7
28. Bf1 Ra7 29. Kf2 Rc8 30. Kf3 g5 31. a4 bxa4 32. Nxa4 g4+ 33. Ke2 Rc6 34. Kd3
h5 35. Kc3 Kd8 36. Rd1 Ke7 37. Kd4 Kf6 38. Ra1 Rcc7 39. Nb6 Ke7 40. Bxa6 Kd8
41. b5 Ke7 42. c6 Kd6 43. Ra2 Rh7 44. Nc8+ Kc7 45. Nxa7 h4 46. Kc5 hxg3 47. b6+
Kb8 48. Nb5 gxh2 49. c7+ Rxc7+ 50. bxc7+ 1-0

[Event "C.to Provinciale BG"]
[Site "Bergamo ITA"]
[Date "2004.10.08"]
[Round "1"]
[White "Gazzetta, Marco"]
[Black "Canova, Luca"]
[Result "0-1"]
[WhiteElo "1631"]
[BlackElo "2047"]
[PlyCount "42"]
[EventDate "2004.10.08"]

1. g4 d5 2. Bg2 Bxg4 3. Nf3 Nc6 4. b3 e5 5. Bb2 Bd6 6. Nc3 Nf6 7. Nb5 Qe7 8.
Nxd6+ cxd6 9. h3 Bh5 10. d3 d4 11. c4 d5 12. cxd5 Nxd5 13. Qd2 Nf4 14. Rg1 O-O
15. O-O-O Rfc8 16. Kb1 Bxf3 17. exf3 a5 18. a3 Qe6 19. h4 Qxb3 20. h5 Ra6 21.
Ka1 Nb4 0-1

[Event "C.to Provinciale BG"]
[Site "Bergamo ITA"]
[Date "2004.10.08"]
[Round "1"]
[White "Gozzini, Giambattista"]
[Black "Mora, Aldo"]
[Result "1-0"]
[WhiteElo "1715"]
[BlackElo "1476"]
[PlyCount "91"]
[EventDate "2004.10.08"]

1. e4 e5 2. Nf3 d6 3. d4 Nc6 4. Bb5 Qe7 5. d5 a6 6. Bxc6+ bxc6 7. dxc6 Nf6 8.
Nc3 h6 9. h3 g6 10. O-O Be6 11. Be3 Bg7 12. Qd2 Kf8 13. Rfd1 Qe8 14. Nh2 Qxc6
15. f3 Kg8 16. Nd5 Qb7 17. c4 Nxd5 18. cxd5 Bd7 19. Rdc1 Rb8 20. b3 Rc8 21. Rc2
Bf8 22. Ng4 Bxg4 23. hxg4 g5 24. Rac1 Be7 25. Qa5 Bd8 26. Rc6 Qb5 27. Qxb5 axb5
28. Rxd6 Be7 29. Rd7 Bd8 30. Rc5 Kg7 31. Rxb5 c6 32. dxc6 Rxc6 33. Rb8 Ba5 34.
Rxh8 Kxh8 35. Rxf7 Bb6 36. Bxb6 Rxb6 37. Rc7 Rb5 38. Kf2 Ra5 39. a4 Ra6 40. Rc5
Rb6 41. Rb5 Re6 42. a5 Kg7 43. Rb6 Re7 44. a6 Kf8 45. Rxh6 Rd7 46. b4 1-0

[Event "C.to Provinciale BG"]
[Site "Bergamo ITA"]
[Date "2004.10.08"]
[Round "1"]
[White "Gualdi, Paolo"]
[Black "Stefanelli, Alfredo"]
[Result "0-1"]
[WhiteElo "1529"]
[BlackElo "1772"]
[PlyCount "114"]
[EventDate "2004.10.08"]

1. Nf3 d5 2. g3 Nc6 3. Bg2 e5 4. d3 Bc5 5. a3 Bg4 6. Nc3 Nge7 7. b4 Bd6 8. Nb5
a5 9. Bb2 axb4 10. Nxd6+ Qxd6 11. Qc1 O-O 12. O-O bxa3 13. Bxa3 Qd7 14. Qg5 h6
15. Qd2 Rfe8 16. Rfb1 b6 17. Qc3 Bxf3 18. Bxf3 Nd4 19. Bxe7 Rxa1 20. Rxa1 Qxe7
21. Kf1 Nxf3 22. exf3 c5 23. Qb3 Qd6 24. Qb5 Rb8 25. Ra7 d4 26. Rd7 Qe6 27. Rc7
Qh3+ 28. Kg1 Ra8 29. Qb1 Ra4 30. Rb7 Rb4 31. Qe1 Rb2 32. Rb8+ Kh7 33. Rb7 Qe6
34. Qe4+ f5 35. Qh4 Rxc2 36. Qe7 Qxe7 37. Rxe7 b5 38. Rxe5 b4 39. Re1 b3 40.
Kg2 Rc3 41. Rd1 b2 42. Rb1 Rb3 43. f4 g5 44. fxg5 hxg5 45. h3 Kg6 46. Kf1 f4
47. Ke2 Kf6 48. g4 Ke5 49. f3 Kd5 50. Kd2 c4 51. Kc2 Rxd3 52. Rxb2 Rxf3 53.
Rb5+ Ke4 54. Rxg5 Rf2+ 55. Kd1 Kd3 56. Kc1 Rf1+ 57. Kb2 c3+ 0-1

[Event "C.to Provinciale BG"]
[Site "Bergamo ITA"]
[Date "2004.10.08"]
[Round "1"]
[White "Locatelli, Alberto"]
[Black "Nasoni, Paolo"]
[Result "0-1"]
[WhiteElo "1580"]
[BlackElo "1865"]
[PlyCount "54"]
[EventDate "2004.10.08"]

1. e4 e5 2. Nc3 Nf6 3. Qf3 Nc6 4. Qe3 b6 5. h3 Nd4 6. Bd3 Bc5 7. Qg3 O-O 8.
Nge2 Bb7 9. Qxe5 Re8 10. Qf4 Nxe2 11. Kxe2 Nxe4 12. Nxe4 d5 13. Kd1 dxe4 14.
Bc4 Qd7 15. Rg1 Rad8 16. Rf1 b5 17. Bb3 Bb6 18. a4 a6 19. Ra3 Bc5 20. Ra1 Re7
21. Re1 Rde8 22. Re2 e3 23. f3 exd2 24. Qxd2 Qxd2+ 25. Bxd2 Rxe2 26. axb5 Rxg2
27. Bc3 Bxf3+ 0-1

[Event "C.to Provinciale BG"]
[Site "Bergamo ITA"]
[Date "2004.10.08"]
[Round "1"]
[White "Mora, Lorenzo"]
[Black "Begni, Carlo"]
[Result "1-0"]
[WhiteElo "1865"]
[BlackElo "1590"]
[PlyCount "97"]
[EventDate "2004.10.08"]

1. d4 d5 2. c4 Nf6 3. Nf3 e6 4. Bg5 Be7 5. Nc3 a6 6. e3 Nbd7 7. Be2 h6 8. Bh4
c6 9. Rc1 dxc4 10. Bxc4 Nd5 11. Bxe7 Nxe7 12. Ne4 O-O 13. O-O Ng6 14. Qd3 Nf6
15. Nc5 Qe7 16. g3 Nd7 17. Nxe6 fxe6 18. Qxg6 Rxf3 19. Bxe6+ Kh8 20. d5 Nf8 21.
Qg4 Bxe6 22. Qxf3 Bxd5 23. Qe2 Re8 24. Rc3 Ng6 25. f3 b5 26. b3 Qf6 27. Rc2 Qe5
28. e4 Qd4+ 29. Qf2 Qxf2+ 30. Rfxf2 Bg8 31. Rxc6 Ne5 32. Rxa6 Rd8 33. Rb6 b4
34. f4 Ng4 35. Re2 Rd4 36. e5 Bd5 37. Kf1 Rd1+ 38. Re1 Nxh2+ 39. Kf2 Rd2+ 40.
Ke3 Rxa2 41. Rxb4 Ra3 42. Kd4 Bxb3 43. Re3 Ng4 44. Rexb3 Ra6 45. Rb6 Ra5 46. e6
Ra1 47. e7 Rd1+ 48. Rd3 Re1 49. Rb8+ 1-0

[Event "C.to Provinciale BG"]
[Site "Bergamo ITA"]
[Date "2004.10.08"]
[Round "1"]
[White "Pezzotta, Gianfranco"]
[Black "Bassis, Ivano"]
[Result "0-1"]
[WhiteElo "1580"]
[BlackElo "1841"]
[PlyCount "42"]
[EventDate "2004.10.08"]

1. e4 d5 2. exd5 Qxd5 3. d3 e5 4. Nc3 Qd6 5. Nf3 Nf6 6. Be2 a6 7. O-O Nc6 8. a3
g6 9. Ng5 Bg7 10. Nge4 Qe7 11. Bg5 Be6 12. h3 O-O 13. Bg4 Rad8 14. f4 h6 15.
Bh4 exf4 16. Bxf6 Bxf6 17. Rxf4 Be5 18. Rf1 f5 19. Bf3 fxe4 20. Bxe4 Qg5 21. g4
Qe3+ 0-1

[Event "C.to Provinciale BG"]
[Site "Bergamo ITA"]
[Date "2004.10.08"]
[Round "1"]
[White "Ranfagni, Stefano"]
[Black "Paulicelli, Domenico"]
[Result "1-0"]
[WhiteElo "1859"]
[BlackElo "1580"]
[PlyCount "73"]
[EventDate "2004.10.08"]

1. e4 e5 2. Nf3 Nc6 3. Bc4 h6 4. d4 d6 5. dxe5 dxe5 6. Qxd8+ Nxd8 7. Nxe5 Nf6
8. O-O Ne6 9. Nc3 Bd6 10. Nd3 Ng4 11. h3 Ne5 12. Bxe6 Bxe6 13. Nb5 Nxd3 14.
cxd3 O-O 15. b3 a6 16. Nxd6 cxd6 17. Ba3 Rfd8 18. Rac1 Rd7 19. Rc3 Rad8 20. d4
d5 21. e5 a5 22. f4 Bf5 23. Rfc1 h5 24. Bd6 Ra8 25. Rc8+ Rxc8 26. Rxc8+ Kh7 27.
Ra8 b6 28. Rb8 Bb1 29. a3 Ra7 30. Rxb6 a4 31. b4 Ra8 32. Rb7 Kg6 33. Kf2 Rc8
34. Bc5 Rc6 35. b5 Rc8 36. Rd7 Be4 37. b6 1-0

[Event "C.to Provinciale BG"]
[Site "Bergamo ITA"]
[Date "2004.10.08"]
[Round "1"]
[White "Riggio, Mauro"]
[Black "Di Mauro, Valerio"]
[Result "1-0"]
[WhiteElo "1829"]
[BlackElo "1565"]
[PlyCount "51"]
[EventDate "2004.10.08"]

1. e4 c6 2. d4 d5 3. exd5 cxd5 4. Bd3 Nc6 5. c3 Nf6 6. Nf3 Bg4 7. Nbd2 e6 8.
O-O Bd6 9. Re1 O-O 10. Qc2 Bf4 11. Ne5 Qc7 12. Nxg4 Nxg4 13. Bxh7+ Kh8 14. g3
f5 15. Nf3 Bxc1 16. Qxc1 Qf7 17. Qf4 Qh5 18. Rxe6 Qxh7 19. Nh4 Rf6 20. Rae1 Rg8
21. Qg5 Nd8 22. Ng6+ Qxg6 23. Qxg6 Rxg6 24. Rxg6 Nf6 25. Re7 Kh7 26. Rxf6 1-0

[Event "C.to Provinciale BG"]
[Site "Bergamo ITA"]
[Date "2004.10.08"]
[Round "1"]
[White "Trozzi, Ettore"]
[Black "Riva, Carlo"]
[Result "1/2-1/2"]
[WhiteElo "1416"]
[BlackElo "1655"]
[PlyCount "43"]
[EventDate "2004.10.08"]

1. a3 d5 2. c3 c6 3. d4 Bf5 4. Bf4 Nd7 5. Qb3 Qb6 6. Qxb6 Nxb6 7. Nd2 Nf6 8. e3
e6 9. Be5 Be7 10. Bxf6 Bxf6 11. Ne2 O-O 12. Ng3 Bg6 13. e4 Bh4 14. e5 Bxg3 15.
hxg3 Na4 16. Rb1 Bxb1 17. Nxb1 Nxb2 18. Nd2 Na4 19. Bd3 Nxc3 20. Bxh7+ Kh8 21.
Bf5+ Kg8 22. Bh7+ 1/2-1/2

[Event "C.to Provinciale BG"]
[Site "Bergamo ITA"]
[Date "2004.10.08"]
[Round "1"]
[White "Valsecchi, Alessio"]
[Black "Gerali, Paolo"]
[Result "1-0"]
[WhiteElo "1925"]
[BlackElo "1611"]
[PlyCount "65"]
[EventDate "2004.10.08"]

1. e4 c5 2. Nf3 e6 3. Nc3 a6 4. g3 b5 5. Bg2 Bb7 6. d3 d6 7. O-O Be7 8. Be3 Nf6
9. Nd2 Qc7 10. f4 Nbd7 11. h3 O-O 12. g4 b4 13. Ne2 d5 14. e5 Ne8 15. c3 bxc3
16. bxc3 Rb8 17. Qc1 a5 18. Nf3 Ba6 19. Qd2 c4 20. d4 Qc6 21. Ng3 Ba3 22. Rab1
Nc7 23. f5 f6 24. exf6 Nxf6 25. Ne5 Qe8 26. Rxb8 Qxb8 27. g5 Ne4 28. Nxe4 dxe4
29. Nd7 Qe8 30. Nxf8 Bxf8 31. Bf4 Nd5 32. Bxe4 Nxf4 33. Qxf4 1-0

[Event "C.to Provinciale BG"]
[Site "Bergamo ITA"]
[Date "2004.10.15"]
[Round "2"]
[White "Bassis, Ivano"]
[Black "Citerio, Fabio"]
[Result "1-0"]
[WhiteElo "1841"]
[BlackElo "1783"]
[PlyCount "121"]
[EventDate "2004.10.08"]

1. e4 c5 2. Nf3 Nc6 3. Bb5 g6 4. Bxc6 bxc6 5. d3 Bg7 6. O-O d6 7. Re1 e5 8. c3
Ne7 9. Bg5 O-O 10. Nbd2 Rb8 11. Rb1 h6 12. Be3 f5 13. Nc4 f4 14. Bd2 Bg4 15. h3
Be6 16. b3 g5 17. d4 cxd4 18. cxd4 exd4 19. Ba5 Qd7 20. Qd3 c5 21. Rbc1 Kh8 22.
Nb2 Qb5 23. Bc7 c4 24. Nxc4 Bxc4 25. Qxc4 Qxc4 26. Rxc4 Rbc8 27. Bxd6 Rxc4 28.
bxc4 Re8 29. Rb1 Nc8 30. c5 Rxe4 31. Rb4 Kg8 32. Kf1 Bf6 33. Nd2 Re8 34. Nc4 d3
35. Rb3 Re4 36. Nd2 Nxd6 37. cxd6 Rd4 38. Rb8+ Kf7 39. Rb7+ Ke6 40. Rxa7 Rxd6
41. Ra3 Bb2 42. Rb3 Bc1 43. Ke1 Kf5 44. Kd1 Rc6 45. Rxd3 Bb2 46. Nb3 Ke5 47. f3
Ba3 48. Rd8 Bb2 49. a4 Rc3 50. Rb8 Kd5 51. Kd2 Re3 52. a5 Be5 53. Rb7 Kc6 54.
a6 h5 55. Na5+ Kd5 56. a7 Bc3+ 57. Kc2 Bxa5 58. a8=Q Rc3+ 59. Kb2 Rc5 60. Rd7+
Kc4 61. Qa6+ 1-0

[Event "C.to Provinciale BG"]
[Site "Bergamo ITA"]
[Date "2004.10.15"]
[Round "2"]
[White "Canova, Luca"]
[Black "Fiorona, Gianpietro"]
[Result "1/2-1/2"]
[WhiteElo "2047"]
[BlackElo "1658"]
[PlyCount "70"]
[EventDate "2004.10.08"]

1. e4 c5 2. Nf3 Nc6 3. d4 cxd4 4. Nxd4 Nf6 5. Nc3 e5 6. Ndb5 d6 7. Bg5 a6 8.
Na3 b5 9. Nd5 Be7 10. Bxf6 Bxf6 11. c3 O-O 12. Nc2 Rb8 13. g3 Bg5 14. Bg2 Be6
15. Nce3 Qd7 16. O-O Kh8 17. Qd3 a5 18. Rad1 Ne7 19. h4 Bxe3 20. Nxe3 Rb6 21.
Rd2 Rd8 22. b3 Qb7 23. f4 f6 24. fxe5 fxe5 25. Nd5 Nxd5 26. exd5 Bg8 27. Rdf2
Qe7 28. Qf5 Rbb8 29. Be4 Qa7 30. Qg5 Rf8 31. Kg2 Rxf2+ 32. Rxf2 Rb7 33. Rf3 Rb8
34. h5 h6 35. Qg6 Qe7 1/2-1/2

[Event "C.to Provinciale BG"]
[Site "Bergamo ITA"]
[Date "2004.10.15"]
[Round "2"]
[White "Di Mauro, Valerio"]
[Black "Gualdi, Paolo"]
[Result "0-1"]
[WhiteElo "1565"]
[BlackElo "1529"]
[PlyCount "110"]
[EventDate "2004.10.08"]

1. e4 g6 2. f4 Bg7 3. Bc4 e5 4. Nf3 Nh6 5. O-O d6 6. c3 O-O 7. Qb3 Qe7 8. f5
gxf5 9. exf5 c6 10. d4 e4 11. Bg5 Qc7 12. f6 exf3 13. Rxf3 d5 14. Bd3 Ng4 15.
Bxh7+ Kxh7 16. Qc2+ Kg8 17. Rh3 Nh6 18. Rxh6 Bxh6 19. Bxh6 Qd7 20. Qd2 Qf5 21.
Bg7 Re8 22. Na3 Qe4 23. Qh6 Qe3+ 24. Qxe3 Rxe3 25. Rf1 Re4 26. Nb1 Rg4 27. Nd2
Rxg7 28. fxg7 Kxg7 29. h4 Be6 30. Nf3 f6 31. Nh2 Nd7 32. g4 Rh8 33. Re1 Kf7 34.
h5 Rg8 35. Kf2 Bxg4 36. Nxg4 Rxg4 37. Rh1 Kg7 38. Kf3 Rg5 39. Re1 Kf7 40. Rh1
Nf8 41. h6 Nh7 42. b3 Rf5+ 43. Ke3 Kg6 44. Kd3 Rh5 45. Re1 Kf7 46. c4 Rh3+ 47.
Kc2 dxc4 48. bxc4 Ng5 49. Rg1 Rxh6 50. Kb3 Nf3 51. Rd1 Ke6 52. Kb4 b6 53. a4
a5+ 54. Kc3 Rh3 55. Re1+ Nxe1+ 0-1

[Event "C.to Provinciale BG"]
[Site "Bergamo ITA"]
[Date "2004.10.15"]
[Round "2"]
[White "Elitropi, Giorgio"]
[Black "Cammarota, Vittorio"]
[Result "1/2-1/2"]
[WhiteElo "1870"]
[BlackElo "1658"]
[PlyCount "59"]
[EventDate "2004.10.08"]

1. b3 d5 2. Nf3 Nf6 3. Bb2 Nbd7 4. e3 g6 5. c4 c6 6. cxd5 cxd5 7. Nc3 Qa5 8.
Rc1 Bg7 9. Nb5 O-O 10. Bc3 Qd8 11. Bb4 b6 12. Be2 Bb7 13. O-O Ne8 14. d4 a6 15.
Nc3 Nc7 16. Ne1 Re8 17. f4 f5 18. g4 e6 19. Bd6 Nb5 20. Nxb5 axb5 21. Bc7 Qe7
22. Qd2 fxg4 23. Be5 Nxe5 24. dxe5 h5 25. Bxb5 Rf8 26. a4 g5 27. Nd3 gxf4 28.
exf4 Bh6 29. Qf2 Qd8 30. Qd4 1/2-1/2

[Event "C.to Provinciale BG"]
[Site "Bergamo ITA"]
[Date "2004.10.15"]
[Round "2"]
[White "Elsido, Massimo"]
[Black "Mora, Lorenzo"]
[Result "1/2-1/2"]
[WhiteElo "1667"]
[BlackElo "1865"]
[PlyCount "96"]
[EventDate "2004.10.08"]

1. e4 e5 2. Nf3 Nc6 3. Bb5 a6 4. Ba4 Nf6 5. O-O Nxe4 6. Re1 Nc5 7. Bxc6 dxc6 8.
Nxe5 Ne6 9. Qf3 Qf6 10. Qxf6 gxf6 11. Nf3 c5 12. Nc3 Bd7 13. Nd5 O-O-O 14. Nxf6
Bg7 15. Nxd7 Rxd7 16. d3 Re7 17. Ng5 Rhe8 18. Nxe6 Rxe6 19. Rxe6 Rxe6 20. Kf1
c4 21. dxc4 Re4 22. c3 Rxc4 23. Be3 Kd7 24. Rd1+ Ke6 25. Ke2 b5 26. Bd4 Bf8 27.
Kd3 Rc6 28. Re1+ Kd7 29. b4 Rg6 30. g3 Bd6 31. Re4 Re6 32. Rxe6 Kxe6 33. Bc5
Bxc5 34. bxc5 Kd5 35. g4 Kxc5 36. f4 b4 37. cxb4+ Kxb4 38. h4 Kc5 39. Ke4 Kd6
40. Kd4 a5 41. a4 f6 42. g5 fxg5 43. fxg5 Ke6 44. h5 Kf5 45. g6 hxg6 46. hxg6
Kxg6 47. Kc5 Kf6 48. Kc6 Ke7 1/2-1/2

[Event "C.to Provinciale BG"]
[Site "Bergamo ITA"]
[Date "2004.10.15"]
[Round "2"]
[White "Gerali, Paolo"]
[Black "Trozzi, Ettore"]
[Result "1-0"]
[WhiteElo "1611"]
[BlackElo "1416"]
[PlyCount "67"]
[EventDate "2004.10.08"]

1. Nf3 d5 2. d4 Bg4 3. Ne5 Nf6 4. Nxg4 Nxg4 5. e4 Nf6 6. e5 Ne4 7. Bd3 e6 8.
O-O c5 9. c3 Nc6 10. Bb5 f6 11. exf6 Nxf6 12. Re1 Qd6 13. Qe2 Kf7 14. dxc5 Qe7
15. Bf4 a6 16. Ba4 Re8 17. Bg5 e5 18. Bb3 Qe6 19. Bxf6 Kxf6 20. Qf3+ Qf5 21.
Qxd5 Nd8 22. Nd2 Qe6 23. Qf3+ Qf5 24. Ne4+ Kg6 25. Qxf5+ Kxf5 26. Rad1 Ne6 27.
Nd6+ Bxd6 28. Bxe6+ Kxe6 29. Rxd6+ Ke7 30. Rxe5+ Kf7 31. Rd7+ Kf8 32. Rxe8+
Kxe8 33. Rxb7 Kd8 34. Rb8+ 1-0

[Event "C.to Provinciale BG"]
[Site "Bergamo ITA"]
[Date "2004.10.15"]
[Round "2"]
[White "Mora, Aldo"]
[Black "Locatelli, Alberto"]
[Result "0-1"]
[WhiteElo "1476"]
[BlackElo "1580"]
[PlyCount "114"]
[EventDate "2004.10.08"]

1. e4 e5 2. Bc4 Bc5 3. Qf3 Nf6 4. d3 h6 5. h3 Nc6 6. c3 a6 7. a3 Qe7 8. Ne2 d6
9. Be3 Be6 10. Nd2 Bxc4 11. Nxc4 b5 12. Nd2 a5 13. Nb3 O-O 14. O-O b4 15. Nxc5
dxc5 16. Rfc1 Qd6 17. Rd1 Rfe8 18. Nc1 Rad8 19. Nb3 Nd7 20. Qg3 c4 21. dxc4 Qe6
22. Nc5 Nxc5 23. Rxd8 Rxd8 24. Bxc5 Qxc4 25. Be3 Rd6 26. axb4 axb4 27. Ra8+ Kh7
28. Qf3 bxc3 29. bxc3 f6 30. Ra3 Rd3 31. Qf5+ Kh8 32. Qc8+ Nd8 33. Qa8 c6 34.
Qa5 Qxe4 35. Ra4 Qf5 36. Ra1 Nb7 37. Qa8+ Nd8 38. Rc1 Kh7 39. c4 Qe4 40. Qa7
Ne6 41. Qa1 c5 42. Qb1 Nd4 43. Bxd4 Qxd4 44. Rd1 e4 45. Rf1 Qxc4 46. Re1 Qa4
47. Qa1 Qxa1 48. Rxa1 c4 49. Rc1 c3 50. Kf1 Kg6 51. Ke2 Kf5 52. f3 g5 53. fxe4+
Kxe4 54. Kf2 Rd2+ 55. Kg1 Ke3 56. Kf1 f5 57. Kg1 c2 0-1

[Event "C.to Provinciale BG"]
[Site "Bergamo ITA"]
[Date "2004.10.15"]
[Round "2"]
[White "Nasoni, Paolo"]
[Black "Gozzini, Giambattista"]
[Result "1-0"]
[WhiteElo "1865"]
[BlackElo "1715"]
[PlyCount "85"]
[EventDate "2004.10.08"]

1. e4 c6 2. c4 e5 3. Nf3 d6 4. d4 exd4 5. Qxd4 Nf6 6. e5 dxe5 7. Qxd8+ Kxd8 8.
Nxe5 Be6 9. Be2 Bb4+ 10. Nd2 Ne4 11. Nef3 Ke7 12. O-O Nxd2 13. Nxd2 Rd8 14. Ne4
h6 15. a3 Bd6 16. Nxd6 Rxd6 17. Be3 Nd7 18. f4 Bf5 19. Rfe1 Be4 20. Bf3 Re6 21.
Bxe4 Rxe4 22. Bxa7 Nf6 23. Bd4 Kf8 24. Bxf6 Rxe1+ 25. Rxe1 gxf6 26. Re3 Ra4 27.
b4 c5 28. Rb3 cxb4 29. axb4 Ke7 30. Rb2 Ke6 31. g4 f5 32. h3 fxg4 33. hxg4 h5
34. gxh5 Kf5 35. h6 Kg6 36. Kf2 Ra3 37. Rd2 Kxh6 38. Rd7 Rc3 39. c5 Rc4 40.
Rxb7 Rxf4+ 41. Ke3 Rc4 42. Kd3 Rc1 43. Rxf7 1-0

[Event "C.to Provinciale BG"]
[Site "Bergamo ITA"]
[Date "2004.10.15"]
[Round "2"]
[White "Paulicelli, Domenico"]
[Black "Bertoletti, Vincenzo"]
[Result "1-0"]
[WhiteElo "1580"]
[BlackElo "1508"]
[PlyCount "63"]
[EventDate "2004.10.08"]

1. Nf3 Nf6 2. g3 d5 3. Bg2 c6 4. O-O e6 5. d3 Nbd7 6. Re1 Bd6 7. e4 Qc7 8. Bg5
O-O 9. Nc3 e5 10. h3 h6 11. Bd2 d4 12. Ne2 Nh7 13. Qc1 Nc5 14. Nh4 Ne6 15. Nf5
Be7 16. f4 Bf6 17. Rf1 g6 18. Nxh6+ Kg7 19. Ng4 Rh8 20. fxe5 Bg5 21. h4 Be3+
22. Bxe3 dxe3 23. Qxe3 Neg5 24. Nf6 Nh3+ 25. Kh2 Qxe5 26. d4 Qe6 27. e5 Nxf6
28. Rxf6 Qg4 29. Raf1 Ng5 30. Kg1 Nh3+ 31. Bxh3 Qxh3 32. Rxf7+ 1-0

[Event "C.to Provinciale BG"]
[Site "Bergamo ITA"]
[Date "2004.10.15"]
[Round "2"]
[White "Riva, Carlo"]
[Black "Longo, Pietro"]
[Result "0-1"]
[WhiteElo "1655"]
[BlackElo "1757"]
[PlyCount "100"]
[EventDate "2004.10.08"]

1. e4 c5 2. Nf3 d6 3. d4 cxd4 4. Qxd4 Nc6 5. Bb5 Bd7 6. Bxc6 Bxc6 7. Nc3 e5 8.
Qd3 Nf6 9. Bg5 Be7 10. O-O-O O-O 11. Bxf6 Bxf6 12. Qxd6 Qa5 13. Qd3 Rfd8 14.
Qc4 Rac8 15. Rxd8+ Qxd8 16. Rd1 Qa5 17. Kb1 Qc7 18. Nd5 Bxd5 19. Qxc7 Bxa2+ 20.
Kxa2 Rxc7 21. c3 g6 22. Rd5 Re7 23. c4 Re8 24. b4 Bg7 25. Kb3 f5 26. Nd2 Kf7
27. Rd7+ Re7 28. Rxe7+ Kxe7 29. exf5 gxf5 30. c5 e4 31. b5 Bd4 32. Kc4 Bxf2 33.
Nb3 Ke6 34. Nc1 f4 35. Ne2 Be3 36. h3 f3 37. gxf3 exf3 38. Ng3 Bf2 39. Nf1 Be1
40. c6 bxc6 41. bxc6 Kd6 42. Kb5 Kc7 43. Ka6 Kxc6 44. Kxa7 Kd5 45. Kb6 Ke4 46.
Kc5 Kd3 47. Kd5 Ke2 48. Ke4 h5 49. Kf4 h4 50. Kg4 Bg3 0-1

[Event "C.to Provinciale BG"]
[Site "Bergamo ITA"]
[Date "2004.10.15"]
[Round "2"]
[White "Scarpellini, Felice"]
[Black "Ranfagni, Stefano"]
[Result "0-1"]
[WhiteElo "1742"]
[BlackElo "1859"]
[PlyCount "80"]
[EventDate "2004.10.08"]

1. c4 c5 2. Nc3 g6 3. g3 Bg7 4. Bg2 Nc6 5. e4 d6 6. Nge2 e5 7. O-O Nge7 8. d3
O-O 9. f4 f5 10. Be3 Be6 11. Nd5 Qd7 12. Nec3 Bxd5 13. cxd5 Nd4 14. Bxd4 exd4
15. Nb1 b5 16. Nd2 Rab8 17. Rc1 fxe4 18. dxe4 c4 19. Nf3 d3 20. Qd2 Qc7 21. Ne1
Qb6+ 22. Kh1 Bd4 23. Rb1 b4 24. Nxd3 cxd3 25. Qxd3 Rbc8 26. Rfd1 Bg7 27. Qe2
Rc5 28. e5 Nf5 29. exd6 Qxd6 30. Qd2 a5 31. Re1 Rfc8 32. Re6 Qd7 33. Be4 Nd4
34. Ra6 Qe7 35. Re1 Rc1 36. Kg2 Rxe1 37. Qxe1 Rc2+ 38. Kf1 Re2 39. Qc1 Qxe4 40.
Qc8+ Bf8 0-1